000 00619nam a2200217 a 4500
005 20220915064203.0
008 010730s1999 r 000 0 eng d
020 _a9687791799 (SM)
020 _a9701823737 (CONACULTA)
035 _aUPN01000110222
049 _aCG
050 4 _aPQ7298.29 U3.7
_bZ3.6
100 1 _aSuárez Romero, Alfonso,
_d1966-
245 1 0 _aZapatos de cocodrilo /
_cAlfonso Suárez Romero.
260 _aMéxico :
_bSM :
_bCONACULTA,
_cc1999.
300 _a134 p.
440 0 _aGran Angular ;
_v9
650 0 _aAdolescencia
_vNovela
_98176
650 0 _aAmistad
_vNovela
_98175
905 _aLibro
999 _c84131
_d84131